| 000 | 00612pab a2200205 454500 | ||
|---|---|---|---|
| 008 | 180718b2002 xxu||||| |||| 00| 0 eng d | ||
| 100 | _aFrankenberg, Elizabeth | ||
| 245 | _aStability and change in living arrangements in Indonesia, Singapore, and Taiwan, 1993-99 | ||
| 260 | _c2002 | ||
| 300 | _ap.201-13. | ||
| 362 | _aJul | ||
| 650 | _aLiving conditions - Singapore | ||
| 650 | _aLiving conditions - Taiwan | ||
| 650 | _aLiving conditions - Indonesia | ||
| 650 | _aLiving conditions | ||
| 700 | _aOfstedal, Mary Beth | ||
| 700 | _aChan, Angeliane | ||
| 773 | _aPopulation Studies | ||
| 909 | _a59644 | ||
| 999 |
_c59644 _d59644 |
||